| 000 -ლიდერი |
| ფიქსირებული სიგრძის საკონტროლო ველი |
00841nam a22002057a 4500 |
| 003 - საკონტროლო ნომრის იდენტიფიკატორი |
| საკონტროლო ველი |
Ge_BSU |
| 005 - ბოლო ოპერაციის თარიღი და დრო |
| საკონტროლო ველი |
20191217123923.0 |
| 008 - ფიქსირებული სიგრძის მონაცემთა ელემენტები - ზოგადი ინფორმაცია |
| ფიქსირებული სიგრძის საკონტროლო ველი |
191217b xxu||||| |||| 00| 0 geo d |
| 020 ## - წიგნის საერთაშორისო სტანდარტული ნომერი |
| International Standard Book Number |
9789941265464 |
| 041 ## - ენის კოდი |
| Language code of text/sound track or separate title |
geo |
| Language code of original and/or intermediate translations of text |
gem |
| 080 ## - უნივერსალური ათობითი კლასიფიკაციის ინდექსი |
| Universal Decimal Classification number |
821.112.2.03=353.1 თ-80 |
| 100 ## - მთავარი ჩანაწერი - პიროვნების სახელი |
| Personal name |
თრაკლი, გ. |
| 9 (RLIN) |
5814 |
| 245 ## - ცნობა სათაურის შესახებ |
| Title |
De Profundis= De Profundis : |
| Remainder of title |
ლექსები / |
| Statement of responsibility, etc |
გეორგ თრაკლი ; გერმ. თარგმნა დათო ბარბაქაძემ. |
| 264 ## - წარმოების, გამოცემის, დისტრიბუციის და სხვა ცნობები |
| გამოცემის, წარმოების, დისტრიბუციის... ადგილი |
თბილისი : |
| გამოცემის, წარმოების, დისტრიბუციის... სახელწოდება |
უნივერსალი, |
| გამოცემის, წარმოების, დისტრიბუციის... თარიღი |
2019. |
| 300 ## - ფიზიკური აღწერა |
| Extent |
162 გვ.: |
| Dimensions |
13 სმ. |
| 653 ## - INDEX TERM--UNCONTROLLED |
| Uncontrolled term |
გერმანული პოეზია |
| 653 ## - INDEX TERM--UNCONTROLLED |
| Uncontrolled term |
ლექსები |
| 700 ## - ADDED ENTRY--PERSONAL NAME |
| Personal name |
ბარბაქაძე, დავით |
| Relator term |
მთარგმნელი |
| 9 (RLIN) |
5815 |
| 942 ## - ADDED ENTRY ELEMENTS (KOHA) |
| Source of classification or shelving scheme |
|
| Koha item type |
წიგნი |